| 000 | 00926nam a2200241 a 4500 | ||
|---|---|---|---|
| 001 | 69233 | ||
| 003 | BD-RjUL | ||
| 005 | 20211209081849.0 | ||
| 008 | 170410s1945 ii a|||| |||| 001 0 eng d | ||
| 020 | _c: Rs. 60.00 | ||
| 035 | _a(BD-RjUL)69444 | ||
| 040 |
_aBD-RjUL _beng _cBD-RjUL _dBD-RjUL |
||
| 041 | _aeng | ||
| 082 |
_223 _a678.73 _bSYN 1945 |
||
| 245 | 1 | 0 |
_aSynthetic resins and their industrial applications : _b (thermosetting thermoplastic, water soluble and ion-exchange resin manufacture and their applications in industries) / _cSBP Board of Consultants and Engineers |
| 260 |
_aDelhi : _bSBP Bulding Publication, _c1945 |
||
| 300 |
_a300 p. : _bill. ; _c27 cm. |
||
| 490 |
_aSBP chemical engineering _v57 |
||
| 650 |
_aHigh-styrene resins _9205116 |
||
| 710 |
_aSBP Board of Consultants and Engineers _bSmall Business Publications. _9205117 |
||
| 830 |
_aSBP chemical engineering _v57 _9204427 |
||
| 942 |
_2ddc _cBK |
||
| 999 |
_c69233 _d69233 |
||